Index strachu finančného trhu ako inovatívny produkt

Vývoj akciového trhu a súvislosť s mierou volatility na ňom. Volatilita na akciovom a trhu a možnosti jej merania. Obchodovanie s volatilitou na kapitálovom trhu. Počítanie indexu volatility a využitie indexu VIX v investovaní.

Gespeichert in:
Bibliographische Detailangaben
1. Verfasser: Kmeťko, Miroslav, 1969-
Format: Buchkapitel
Sprache:Slowakisch
Schlagworte:
Tags: Tag hinzufügen
Keine Tags, Fügen Sie das erste Tag hinzu!

MARC

LEADER 00000naa a2200000 4500
001 0148606
005 20240502072655.3
041 0 |a slo 
044 |a SK 
245 1 0 |a Index strachu finančného trhu ako inovatívny produkt  |c Miroslav Kmeťko 
520 |a Vývoj akciového trhu a súvislosť s mierou volatility na ňom. Volatilita na akciovom a trhu a možnosti jej merania. Obchodovanie s volatilitou na kapitálovom trhu. Počítanie indexu volatility a využitie indexu VIX v investovaní. 
610 2 0 |a trh kapitálový 
610 2 0 |a trh finančný 
610 2 0 |a trh akciový 
610 2 0 |a obchody burzové 
610 2 0 |a investovanie 
610 2 0 |a akcie 
610 2 0 |a opcie 
610 2 0 |a indexy 
610 2 0 |a volatilita 
100 1 |a Kmeťko, Miroslav, 1969-